Statistiche per Comuni della Provincia di Arezzo

Clicka qui per fare il quiz!

Statistiche generali

  • Questo quiz è stato fatto 15 volte
  • Il punteggio medio è 12 su 36

Statistiche sulle risposte

Comune% Corretto
Arezzo
100%
Cortona
75%
Montevarchi
63%
Anghiari
50%
Bibbiena
50%
Caprese Michelangelo
50%
Castiglion Fiorentino
50%
Foiano della Chiana
50%
Laterina Pergine Valdarno
50%
San Giovanni Valdarno
50%
Sansepolcro
50%
Badia Tedalda
38%
Castiglion Fibocchi
38%
Monterchi
38%
Pieve Santo Stefano
38%
Poppi
38%
Talla
38%
Terranuova Bracciolini
38%
Capolona
25%
Castelfranco Piandiscò
25%
Cavriglia
25%
Chiusi della Verna
25%
Civitella in Val di Chiana
25%
Lucignano
25%
Marciano della Chiana
25%
Monte San Savino
25%
Ortignano Raggiolo
25%
Pratovecchio Stia
25%
Sestino
25%
Castel Focognano
13%
Chitignano
13%
Loro Ciufenna
13%
Montemignaio
13%
Subbiano
13%
Bubine
0%
Castel San Nicolò
0%

Distribuzione punteggi

Percentile per numero di risposta

Percentuale di utenti per punteggio

I tuoi punteggi nel tempo

Non hai fatto questo quiz